Archaeology : Theories, methods, and practice

Spremljeno u:
Bibliografski detalji
Glavni autor: Renfrew, Colin
Format: Knjiga
Jezik:Undetermined
Izdano: New York Thames and Hudson 2000
Teme:
Oznake: Dodaj oznaku
Bez oznaka, Budi prvi tko označuje ovaj zapis!
Thư viện lưu trữ: Trung tâm Học liệu Trường Đại học Cần Thơ
LEADER 00533nam a2200205Ia 4500
001 CTU_129927
008 210402s9999 xx 000 0 und d
020 |c 31.25 
082 |a 930.1 
082 |b R411 
100 |a Renfrew, Colin 
245 0 |a Archaeology : 
245 0 |b Theories, methods, and practice 
245 0 |c Colin Renfrew and Paul Bahn 
260 |a New York 
260 |b Thames and Hudson 
260 |c 2000 
650 |a Archaeology 
904 |i Giang 
980 |a Trung tâm Học liệu Trường Đại học Cần Thơ